<?xml version="1.0" encoding="UTF-8"?>
<record
    xmlns:xsi="http://www.w3.org/2001/XMLSchema-instance"
    xsi:schemaLocation="http://www.loc.gov/MARC21/slim http://www.loc.gov/standards/marcxml/schema/MARC21slim.xsd"
    xmlns="http://www.loc.gov/MARC21/slim">

  <leader>00952cam a22002651  4500</leader>
  <controlfield tag="001">he 68002866 </controlfield>
  <controlfield tag="003">DLC</controlfield>
  <controlfield tag="005">20260227111503.0</controlfield>
  <controlfield tag="008">870527s1965    is ac         000 0cheb  </controlfield>
  <datafield tag="010" ind1=" " ind2=" ">
    <subfield code="a">he 68002866 </subfield>
  </datafield>
  <datafield tag="035" ind1=" " ind2=" ">
    <subfield code="a">(OCoLC)15736056</subfield>
  </datafield>
  <datafield tag="040" ind1=" " ind2=" ">
    <subfield code="a">DLC</subfield>
    <subfield code="c">TxU</subfield>
    <subfield code="d">TxU</subfield>
    <subfield code="d">DLC</subfield>
  </datafield>
  <datafield tag="042" ind1=" " ind2=" ">
    <subfield code="a">premarc</subfield>
  </datafield>
  <datafield tag="050" ind1="0" ind2="0">
    <subfield code="a">DS135.P62</subfield>
    <subfield code="b">K683</subfield>
  </datafield>
  <datafield tag="245" ind1="0" ind2="0">
    <subfield code="a">Ke-&#x2BB;alim ba-rua&#x1E25;</subfield>
    <subfield code="b">[zikhronot ve-yoman]</subfield>
  </datafield>
  <datafield tag="260" ind1=" " ind2=" ">
    <subfield code="a">Tel-Aviv,</subfield>
    <subfield code="b">&#x1E24;ug Yedide Be. H. S. ha-Yarkon</subfield>
    <subfield code="c">[1965 or 6] 726.</subfield>
  </datafield>
  <datafield tag="300" ind1=" " ind2=" ">
    <subfield code="a">169 p.</subfield>
    <subfield code="b">illus., port.</subfield>
    <subfield code="c">19 cm.</subfield>
  </datafield>
  <datafield tag="505" ind1="0" ind2=" ">
    <subfield code="a">Masekhet &#x1E25;ayyim [me-et] M. Ts. Fridner.--Be-mikdasho shel ha-Molekh [me-et] M. Bosak.--Be-&#x2BB;ene yeled [me-et] Y. Feldman.  Tirgem mi-Polanit M. Ts. Fridner.</subfield>
  </datafield>
  <datafield tag="650" ind1=" " ind2="0">
    <subfield code="a">Holocaust, Jewish (1939-1945)</subfield>
    <subfield code="x">Personal narratives.</subfield>
  </datafield>
  <datafield tag="650" ind1=" " ind2="0">
    <subfield code="a">Jews</subfield>
    <subfield code="z">Poland</subfield>
    <subfield code="z">Krak&#xF3;w.</subfield>
  </datafield>
  <datafield tag="700" ind1="1" ind2=" ">
    <subfield code="a">Friedner, Moshe Z.</subfield>
  </datafield>
  <datafield tag="700" ind1="1" ind2=" ">
    <subfield code="a">Bosak, Meir,</subfield>
    <subfield code="d">1912-</subfield>
  </datafield>
  <datafield tag="700" ind1="1" ind2=" ">
    <subfield code="a">Feldman, Juliusz.</subfield>
  </datafield>
  <datafield tag="710" ind1="2" ind2=" ">
    <subfield code="a">&#x1E24;ug Yedide Bet-ha-Sefer ha-Yarkon.</subfield>
  </datafield>
  <datafield tag="999" ind1=" " ind2=" ">
    <subfield code="c">33719</subfield>
    <subfield code="d">33719</subfield>
  </datafield>
</record>
